| 000 -LEADER |
| fixed length control field |
00550cam a22001091 4500 |
| 008 - FIXED-LENGTH DATA ELEMENTS--GENERAL INFORMATION |
| fixed length control field |
790612s1917 iluabce 000 0 eng |
| 100 1# - MAIN ENTRY--AUTHOR'S NAME |
| Author's Name |
Russell, Thomas Herbert, |
| Dates associated with a name |
1862-1947. |
| 245 10 - TITLE STATEMENT |
| Title |
America's war for humanity, |
| Remainder of title |
including a complete history of the world war up-to-date ... |
| Statement of responsibility, etc. |
by Thomas H. Russell ... with introductory chapter containing President Wilson's great war message ... Over 100 actual photographs, maps and authentic drawings. |
| 260 ## - PUBLICATION, DISTRIBUTION, ETC. (IMPRINT) |
| Place of publication, distribution, etc. |
[Chicago, |
| Name of publisher, distributor, etc. |
Homewod Press, |
| Date of publication, distribution, etc. |
c1917] |
| 500 ## - GENERAL NOTE |
| General note |
To April 25, 1917. |
| 650 #0 - TOPICAL TERM (Tag) |
| Topical term or geographic name |
World War, 1914-1918. |